01011cam a2200253 4500001001300000003000400013005001700017008004100034010001700075025002000092040001800112050002300130082000800153110004400161245010800205260004400313300003100357350001900388500005500407500020700462650004200669710002900711999001700740sa 68014677 DLC20260227112634.0700211s1967 ii k 000 0 eng  asa 68014677  aPL480:I-E-10778 aDLCcDLCdDLC00aKNS2650b.A28 196700a3401 aIndia (Republic).kLaws, statutes, etc.10aLegislation and orders relating to the emergency as modified up to the 1st November, 1966;bsupplement. aDelhi,bManager of Publications,c1967. aiv, 483 p.bforms.c25 cm. a10.00a($3.60) aAt head of title: Govt. of India. Ministry of Law. a"Contains all acts of Parliament, rules and orders, etc., relating to the emergency declared on the 26th October, 1962, other than the Defence of India act, 1962, and the rules made under that act ... " 0aWar and emergency legislationzIndia.1 aIndia.bMinistry of Law. c85957d85957